Houston Texans Trivia - Statistics

General Stats
  • This quiz has been taken 915 times
    629 since last reset
  • The average score is 10 of 13
Answer Stats
Hint Answer % Correct
Quarterback selected #2 overall in 2023 C. J. Stroud
96%
Defensive Player of the Year in 2012, 2014, and 2015 J. J. Watt
94%
The Texans are one of four teams never to appear in the Super Bowl. Name one of the others. Browns, Lions, or Jaguars
92%
The other NFL team which once played in Houston Houston Oilers
92%
Starting quarterback from 2017–2020 who left the team after being sued by more than two dozen massage therapists Deshaun Watson
89%
Jersey number worn by the above 99
87%
Receiver who averaged more than 1,200 yards a season from 2013–2019 DeAndre Hopkins
78%
All-time team leader in receiving yards Andre Johnson
73%
Linebacker from South Carolina drafted #1 overall in 2014 Jadeveon Clowney
69%
Quarterback who was sacked a record 76 times during his rookie season in 2002 David Carr
67%
Quarterback who led the NFL in passing yards in 2009 – but later set an NFL record by throwing pick-sixes in four consecutive games Matt Schaub
62%
Vegan player who is the Texans' all-time leader in rushing Arian Foster
58%
Coach who suffered an apparent heart attack during a game in 2013 Gary Kubiak
29%
No matching quizzes found
Score Distribution
Percent of People with Each Score
Percentile by Number Answered
Your Score History
You have not taken this quiz since the last reset